000
00423nam a2200157Ia 4500
008
090124s9999 xx 000 0 und d
082
_b
24520
245
_a
जय हिंद
250
_a
0
260
_b
व्यवस्थापक ट्रस्टी
_c
1986
300
_a
174
630
_a
जय हिंद
700
_a
सुमंत यशवंत
730
_a
जय हिंद
942
_c
BOOK
999
_c
92981
_d
92981